Democracia, gobernabilidad e identidades sociales. Las Ciencias Sociales hacia el siglo XXI: problematización y respuestas. Memorias
में बचाया:
| निगमित लेखक: | |
|---|---|
| स्वरूप: | मूलपाठ |
| प्रकाशित: |
Cuenca:
21 Ediciones
|
| विषय: | |
| टैग: |
टैग जोड़ें
कोई टैग नहीं, इस रिकॉर्ड को टैग करने वाले पहले व्यक्ति बनें!
|
MARC
| LEADER | 00000 a a2200000 04500 | ||
|---|---|---|---|
| 001 | 19155 | ||
| 003 | |||
| 040 | |||
| 090 | |a 145300 | ||
| 110 | |a Universidad de Cuenca. Instituto de Investigaciones Científicas. Departamento de Cultura | ||
| 245 | |a Democracia, gobernabilidad e identidades sociales. Las Ciencias Sociales hacia el siglo XXI: problematización y respuestas. Memorias | ||
| 260 | |a Cuenca: |b 21 Ediciones | ||
| 300 | |a 195 p.; vol. 2 | ||
| 650 | |a CIENCIAS SOCIALES | ||
| 650 | |a DEMOCRACIA | ||
| 650 | |a GOBERNABILIDAD | ||
| 999 | |c 15368 |d 15368 | ||
